Berühmte Fußballspieler von Borussia Dortmund nach Bild - Statistiken

Allgemein
  • Dieses Quiz wurde 1.624 mal gespielt
  • Das Durchschnittsergebnis liegt bei 23 aus 30
Antwortstatistiken
Bildquiz Antwort % Korrekt
Mats Hummels
99%
Marco Reus
97%
Erling Haaland
96%
Mario Götze
95%
İlkay Gündoğan
93%
Robert Lewandowski
93%
Julian Brandt
90%
Jadon Sancho
88%
Roman Weidenfeller
87%
André Schürrle
86%
Emre Can
85%
Jude Bellingham
85%
Axel Witsel
84%
Pierre-Emerick Aubameyang
84%
Nuri Şahin
81%
Christian Pulisic
80%
Marcel Schmelzer
80%
Ousmane Dembélé
80%
Achraf Hakimi
74%
Jens Lehmann
71%
Ciro Immobile
70%
Shinji Kagawa
69%
Youssoufa Moukoko
69%
Thomas Meunier
67%
Manuel Akanji
64%
Łukasz Piszczek
59%
Lars Ricken
55%
Jakub Blaszczykowski
47%
Tomáš Rosický
42%
Henrikh Mkhitaryan
40%
Keine übereinstimmenden Quizze gefunden
Verteilung der Resultate
Anzahl Personen mit jedem Resultat
Perzentil nach korrekt beantworteten Fragen
Ihre Resultats-Entwicklung
Sie haben dieses Quiz noch nicht gespielt